Padres Hall Of Fame - Statistics

General Stats
  • This quiz has been taken 25 times
  • The average score is 6 of 17
Answer Stats
Year
Inducted
Padre % Correct
2002 Tony Gwynn
95%
2014 Trevor Hoffman
76%
2000 Dave Winfield
67%
2016 Ken Caminiti
43%
1999 Randy Jones
43%
2015 Benito Santiago
33%
2015 Garry Templeton
33%
2001 Jerry Coleman
33%
1999 Nate Colbert
33%
2017 Jack McKeon
24%
2018 Kevin Towers
24%
2001 Buzzie Bavasi
19%
2009 Dick Williams
19%
2022 Larry Lucchino
19%
1999 Ray Croc
19%
2022 Ted Leitner
19%
2016 Ted Williams
19%
No matching quizzes found
Score Distribution
Percent of People with Each Score
Percentile by Number Answered
Your Score History
You have not taken this quiz